[Event "Sainte Marie op"]
[Site "Sainte Marie"]
[Date "2005.10.23"]
[Round "9"]
[White "Ungamah, Thomas Krishna"]
[Black "Weber, Francois"]
[Result "0-1"]
[WhiteElo "1099"]
[BlackElo "1989"]
[PlyCount "64"]
[EventDate "2005.10.15"]
[EventType "swiss"]
[EventRounds "9"]
[EventCountry "FRA"]
[SourceTitle "EXT 2006"]
[Source "ChessBase"]
[SourceDate "2005.11.24"]
[SourceVersion "1"]
[SourceVersionDate "2005.11.24"]
[SourceQuality "1"]

1. e4 c5 2. Bc4 e6 3. Nf3 Nf6 4. d3 Nc6 5. 0-0 d5 6. Bb5 dxe4 7. dxe4 Qc7 8. e5 Nd5 9. a3 Bd7 10. c4 Nde7 11. Bf4 0-0-0 12. Ng5 Be8 13. Qf3 h6 14. Ne4 g5 15. Be3 Nf5 16. g3 Nxe5 17. Qe2 Bxb5 18. cxb5 Nd4 19. Bxd4 Rxd4 20. b3 f5 21. Nf6 Be7 22. Nh5 Rhd8 23. b4 Kb8 24. Ng7 Re4 25. Qh5 Ng4 26. Qf7 Ne5 27. Qh5 g4 28. Nxe6 Nf3+ 29. Kg2 Rxe6 30. Nc3 Qe5 31. Na4 Qd5 32. Rae1 Nxe1+ 0-1

[Event "Sainte Marie op"]
[Site "Sainte Marie"]
[Date "2005.10.21"]
[Round "7"]
[White "Antoine, Jean Luc1111"]
[Black "Ungamah, Thomas Krishna"]
[Result "1-0"]
[WhiteElo "1630"]
[BlackElo "1099"]
[PlyCount "61"]
[EventDate "2005.10.15"]
[EventType "swiss"]
[EventRounds "9"]
[EventCountry "FRA"]
[SourceTitle "EXT 2006"]
[Source "ChessBase"]
[SourceDate "2005.11.24"]
[SourceVersion "1"]
[SourceVersionDate "2005.11.24"]
[SourceQuality "1"]

1. Nf3 d5 2. g3 Bg4 3. Bg2 Nc6 4. d4 Bxf3 5. Bxf3 e5 6. dxe5 Nxe5 7. Qxd5 Qxd5 8. Bxd5 0-0-0 9. Bg2 h6 10. Bf4 Bd6 11. Nc3 f6 12. 0-0-0 Bb4 13. Bxb7+ Kxb7 14. Rxd8 Bxc3 15. bxc3 Nf7 16. Rd7 g5 17. Bxc7 Rh7 18. Ba5+ Ka6 19. Bb4 f5 20. Rhd1 Nf6 21. R7d6+ Nxd6 22. Rxd6+ Kb5 23. Rxf6 f4 24. Kb2 a5 25. Rf5+ Kc6 26. Rxa5 fxg3 27. hxg3 g4 28. e4 Rf7 29. Ra6+ Kb5 30. Rxh6 Re7 31. Bxe7 1-0

[Event "Sainte Marie op"]
[Site "Sainte Marie"]
[Date "2005.10.16"]
[Round "2"]
[White "Ungamah, Thomas Krishna"]
[Black "Ribotte, Yannick"]
[Result "0-1"]
[WhiteElo "1099"]
[BlackElo "1540"]
[PlyCount "86"]
[EventDate "2005.10.15"]
[EventType "swiss"]
[EventRounds "9"]
[EventCountry "FRA"]
[SourceTitle "EXT 2006"]
[Source "ChessBase"]
[SourceDate "2005.11.24"]
[SourceVersion "1"]
[SourceVersionDate "2005.11.24"]
[SourceQuality "1"]

1. e4 c5 2. Nf3 d6 3. Nc3 Nf6 4. g3 g6 5. Bg2 Bg7 6. 0-0 0-0 7. d4 cxd4 8. Qxd4 Nc6 9. Qd3 Ng4 10. h3 Nge5 11. Qd5 Nxf3+ 12. Bxf3 Bxh3 13. Bg2 Qd7 14. Ne2 Ne5 15. Rd1 Qg4 16. Re1 Nf3+ 17. Bxf3 Qxf3 18. Nf4 Bg4 19. Re3 Qd1+ 20. Qxd1 Bxd1 21. f3 Bxc2 22. a4 Bd4 23. Ra2 Rac8 24. Ne2 Bxe3+ 25. Bxe3 Bd3 26. Nf4 Ba6 27. b3 Rc3 28. Bxa7 Rxb3 29. Kg2 Ra8 30. Bd4 e5 31. Rb2 Rxb2+ 32. Bxb2 exf4 33. gxf4 Bc4 34. Ba3 d5 35. exd5 Bxd5 36. Kg3 Rxa4 37. Be7 b5 38. Kg4 b4 39. Bxb4 Rxb4 40. Kg5 Bb3 41. Kf6 Rxf4+ 42. Kg5 Rf5+ 43. Kh6 Rh5# 0-1